| 000 | 00781nam a2200217Ii 4500 | ||
|---|---|---|---|
| 003 | JO-AjNU | ||
| 008 | 230605s9999||||xx |||||||||||||| ||und|| | ||
| 017 | _a1992/7/428 | ||
| 040 |
_aJO-AjNU _bara _erda _cJO-AjNU |
||
| 041 | _aara | ||
| 050 | 1 | 4 | _aP91.5.A65.B4612 1992 |
| 100 | 3 |
_aبن,ريتشارد تأليف/دونهيو,لويس م.مشارك/ثورب, روبرت م.مشارك/الجوهر ,محمد مترجم, _eauthor _935711 |
|
| 245 | 0 | 0 | _aتحليل مضمون الإعلام |
| 250 | _aط1 | ||
| 264 | 3 | 1 | _aاربد:قدسية للنشر,1992 |
| 300 | _a230ص | ||
| 336 |
_atext _btxt _2rdacontent |
||
| 337 |
_aunmediated _bn _2rdamedia |
||
| 338 |
_avolume _bnc _2rdacarrier |
||
| 650 | 4 |
_aالاتصال-وسائل الاتصال-مجتمع اعلام _935712 |
|
| 999 |
_aA14770 _c18338 _d18338 |
||